000 00302nam a2200121Ia 4500
008 190216s9999||||xx |||||||||||||| ||und||
100 _aPeter Atkins & Julio Depaula
245 0 _aPhysical Chemistry
260 _bOxford University Press
_c2002
300 _a1063
650 _aChemistry
942 _cBK
999 _c3344
_d3344